mma races - Statistics

General Stats
  • This quiz has been taken 5 times
  • The average score is 14 of 298
Answer Stats
Hint Answer % Correct
Brazil Charles Oliveira
50%
Brazil Junior Dos Santos
50%
Brazil Alexandre Pantoja
25%
Brazil Alex Pereira
25%
Netherlands Alistair Overeem
25%
Brazil Amanda Nunes
25%
Brazil Anderson Silva
25%
Brazil Antonio Rogerio Nogueira
25%
Brazil Antonio Silva
25%
Netherlands Badr Hari
25%
Netherlands Bas Rutten
25%
Mexico Brandon Vera
25%
Canada Carlos Newton
25%
Brazil Carlos Prates
25%
Brazil Cheeto Vera
25%
Brazil Chris Cyborg
25%
France Ciryl Gane
25%
Brazil Deiveson Figueiredo
25%
Brazil Erick Silva
25%
USA White Frank Mir
25%
Netherlands Gegard Mousasi
25%
Netherlands Gerard Gordeau
25%
Netherlands Germaine De Randamie
25%
Brazil Gilbert Burns
25%
Netherlands Gilbert Yvel
25%
Brazil Jacare Souza
25%
Brazil Jean SIlva
25%
Brazil Johnny Walker
25%
USA B Jon Jones
25%
Brazil Jose Aldo
25%
Mexico Joshua Van
25%
Brazil Marco Ruas
25%
Netherlands Melvin Manhoef
25%
Brazil Murilo Bustamante
25%
Netherlands Reinier De Ridder
25%
Brazil Renzo Gracie
25%
Brazil Royce Gracie
25%
Brazil Royler Gracie
25%
USA W Sean Strickland
25%
Netherlands Semmy Schilt
25%
Brazil Shogun Rua
25%
Netherlands Stefan Struve
25%
USA W Steve Jennum
25%
Brazil Thales Leites
25%
Brazil Thiago Alves
25%
Brazil Thiago SIlva
25%
USA W Tim Kennedy
25%
UK Tom Aspinall
25%
USA B Uriah Hall
25%
Brazil Vitor Belfort
25%
Brazil Wanderlei Silva
25%
Russia Aleksander Emelianenko
0%
Mexico Alexa Grasso
0%
Sweden Alexander Gustafsson
0%
Japan Alexander Otsuka
0%
Australia Alexander Volkanovski
0%
Russia Alexander Volkov
0%
USA B Aljamain Sterling
0%
USA W Al Laquinta
0%
Russia Andrei Arlovski
0%
Croatia Ante Delija
0%
USA B Anthony Johnson
0%
Brazil Antonio Rodrigo Nogueria
0%
Armenia Arman Tsarukyan
0%
Ireland Artem Lobov
0%
France Benoit Saint Denis
0%
USA B Benson Henderson
0%
Brazil Bethe Correia
0%
USA W BJ Penn
0%
USA B Bobby Lashley
0%
USA B Bob Sapp
0%
Mexico Brandon Moreno
0%
Mexico Brandon Royval
0%
Mexico Brendan Schaub
0%
USA W Brian Ortega
0%
USA W Brock Lesnar
0%
Mexico Can Velasquez
0%
Japan Caol Uno
0%
USA W Carlos Condit
0%
Australia Carlos Ulberg
0%
USA W Chael Sonnen
0%
Japan Chan Sung Jung
0%
France Cheick Kongo
0%
USA W Chis Weidman
0%
USA W Chris Leben
0%
USA W Chuck Liddell
0%
USA W Cody Garbrandt
0%
USA W Colby Covington
0%
Ireland Conor McGregor
0%
USA B Corey Anderson
0%
USA W Cory Sandhagen
0%
USA B Curtis Blaydes
0%
USA W Dan Bobish
0%
UK Dan Hardy
0%
USA W Dan Henderson
0%
Australia Dan Hooker
0%
USA B Daniel Cormier
0%
USA W Dan Severn
0%
UK Darren till
0%
USA W Dave Menne
0%
Canada David Loisaeu
0%
USA B Demetrious Johnson
0%
Brazil Demian Maia
0%
Canada Denis Kang
0%
Germany Dennis Siver
0%
USA B Derek Brunson
0%
USA B Derek Lewis
0%
Brazil Diego Lopes
0%
Mexico Diego Sanchez
0%
Mexico Dominick Cruz
0%
Mexico Dominick Reyes
0%
USA W Donald Cerrone
0%
USA W Don Frye
0%
Africa Dricus Du Plessis
0%
USA W Dustin Poirier
0%
Mexico Eddie Alvarez
0%
Mexico Eddie Sanchez
0%
Armenia Edmen Shahbazyan
0%
Brazil Edson Barboza
0%
Netherlands Ernesto Hoost
0%
Brazil Fabricio Werdum
0%
Russia Fedor Emelianenko
0%
USA W Forrest Griffin
0%
AFrica Francis Ngannou
0%
USA W Frankie Edgar
0%
USA W Frank Shamrock
0%
Germany Frederic Vosgrone
0%
Brazil Gabriel Gonzaga
0%
Canada Gary Goodridge
0%
Canada Georges St Pierre
0%
Georgia Giga Chikadze
0%
USA W Gina Carano
0%
brazil Glover Teixeira
0%
UAS W Gray Maynard
0%
USA B Greg Hardy
0%
USA W Guy Mezger
0%
Canada Harold Howard
0%
USA W Heath Herring
0%
Cuba Hector Lombard
0%
Mexico Henry Cejudo
0%
Brazil Hermes Franca
0%
Japan Hidehiko Yoshida
0%
USA W Holy Holm
0%
Japan Hong Man Choi
0%
USA B Houston Alexander
0%
Ireland Ian Garry
0%
Russia Igor Vovchanchyn
0%
Japan Ikuhisa Minowa
0%
Georgia Ilia Topuria
0%
Russia Islam Makhachev
0%
Africa Israel Adesanya
0%
Australia Jack Della Maddalena
0%
Sweden Jack Hermansson
0%
Brazil Jailton Almeida
0%
USA B Jamahal Hill
0%
Ireland James Gallagher
0%
UK James Thompson
0%
Poland Jan Blachowicz
0%
USA B Jaoquin Buckley
0%
USA B Jared Cannonier
0%
USA W Jens Pulver
0%
Mexico Jessica Aguilar
0%
Brazil Jessica Andrade
0%
UK Jimi Manuwa
0%
USA W Jim Miller
0%
Czech Jiri Prochazka
0%
poland Joanna Jędrzejczyk
0%
Ireland Joe Duffy
0%
USA W Joe Lauzon
0%
USA W Johny Hendricks
0%
USA W Jon Fitch
0%
Mexico Jorge Masvidal
0%
USA W Josh Barnett
0%
USA W Josh Emmett
0%
USA B Josh Koscheck
0%
Mexico Juliana Pena
0%
USA W Justin Gaethje
0%
Samoa Justin Tafa
0%
Africa Kamaru Usman
0%
Armenia Karo Parisyan
0%
USA W Kayla Harrison
0%
Japan Kazushi Sakuraba
0%
Japan Kazuyuki Fujita
0%
Mexico Kelvin Gastelum
0%
Samoa Kendall Grove
0%
Japan Kenichi Yamamoto
0%
USA W Ken Shamrock
0%
USA b Kevin Holland
0%
USA B Kevin Jackson
0%
USA B Kevin Lee
0%
USA Black Kevin Randleman
0%
Russia Khabib Nurmagomedov
0%
USA B Khalil Rountree
0%
RUssia Khamzat Chimaev
0%
USA B Kimbo Slice
0%
Germany Kimo Leopoldo
0%
USA B King Green
0%
UK Leon Edwards
0%
USA B Lerone Murphy
0%
USA W Luke Rockhold
0%
Brazil Lyoto Machida
0%
USA W Mackenzie Dern
0%
Russia Magomed Ankalaev
0%
poland Marcin Tybura
0%
USA W Mark Coleman
0%
Samoa Mark Hunt
0%
USA W Mark Kerr
0%
Italy Marvin Vettori
0%
poland Mateusz Gamrot
0%
USA W Matt Brown
0%
USA W Matt Hamil
0%
USA W Matt Hughes
0%
USA W Matt Lindland
0%
USA W Matt Mitrione
0%
USA W Matt Serra
0%
USA B Maurice Smith
0%
Mexico Max Holloway
0%
Australia Megan Anderson
0%
USA B Melvin Guliard
0%
Georgia Merab Dvalishvili
0%
UK Michael Bisping
0%
USA W Michael Chandler
0%
USA B Michael Johnson
0%
USA B Michael Page
0%
USA W Mike Perry
0%
Croatia Mirko Cro Cop
0%
USA B Muhammad Lawal
0%
Mexico Nate Diaz
0%
Mexico Nick Diaz
0%
Ireland Norman Parke
0%
Russia Oleg Taktarov
0%
USA B Ovince Saint Preux
0%
UK Paddy Pimblet
0%
USA W Paige Van Zant
0%
USA W Pat Barry
0%
USA W Pat Miletich
0%
Brazil Patricio Pitbull
0%
Canada Patrick Cote
0%
USA B Paul Daley
0%
Brazil Paulo Costa
0%
Brazil Pedro Rizzo
0%
Russia Petr Yan
0%
USA W Phil Baroni
0%
USA B Phil Davis
0%
Australia Quillan Salkilld
0%
USA B Quinton Jackson
0%
Brazil Rafael Dos Anjos
0%
Africa Rameau Thierry Sokoudjou
0%
USA W Randy Couture
0%
USA B Rashad Evans
0%
brazil Renan Barao
0%
Brazil Renato Sobral
0%
Brazil Ricardo Arona
0%
Mexico Ricco Rodriguez
0%
USA W Rich Franklin
0%
USA W Robbie Lawler
0%
Australia Robert Whittaker
0%
Georgia Roman Dolidze
0%
USA W Ronda Rousey
0%
Canada Rory Macdonald
0%
USA W Rose Namajunas
0%
USA W Roy Nelson
0%
USA W Ryan Bader
0%
USA W Sean Sherk
0%
Russia Sergei Kharitonov
0%
Russia Sergei Pavlovich
0%
Russia Shamil Gaziev
0%
USA W Shane Carwin
0%
Russia Sharaputdin Magomedov
0%
Japan Shinya Aoki
0%
USA B Shonie Carter
0%
USA W Stephan Bonnar
0%
USA W Stephen Thompson
0%
USA W Stipe Miocic
0%
Australia Tai Tuivasa
0%
Japan Takanori Gomi
0%
USA W Tank Abbott
0%
USA W Timothy Johnson
0%
USA W Tim Sylvia
0%
Mexico Tito Ortiz
0%
USA W TJ Dillashaw
0%
USA W Todd Duffee
0%
Mexico Tony Ferguson
0%
USA B Tyron Woodley
0%
Brazil Tyson Griffin
0%
Russia Umar Nurmagomedov
0%
USA W Uriah Faber
0%
Russia Valentina Shevchenko
0%
USA B Walt Harris
0%
Japan Weili Zhang
0%
Mexico Yair Rodriguez
0%
Cuba Yoel Romero
0%
Japan Yoshihiro Akiyama
0%
Japan Yoshihiro Takyama
0%
Japan Yuki Kondo
0%
Japan Yushin Okami
0%
Russia Zabit Magomedsharipov
0%
No matching quizzes found
Score Distribution
Percent of People with Each Score
Percentile by Number Answered
Your Score History
You have not taken this quiz